Deslinde : cuadernos de cultura política universitaria : efectos de la comunicación masiva en la sociedad /
En esta colección se abordan problemas nacionales e internacionales que se encuentran en relación con la universidad; la finalidad es que con la presentación de los distintos temas, los universitarios puedan informarse y normar su criterio. Gutiérrez Vega hace una evaluación sociológica, tomando a l...
Guardado en:
| Otros autores: | , |
|---|---|
| Formato: | Libro |
| Idioma: | Español |
| Temas: | |
| Etiquetas: |
Sin etiquetas, Sé el primero en etiquetar este registro!
|
MARC
| LEADER | 00000nam^a2200000^a^4500 | ||
|---|---|---|---|
| 001 | 000123881 | ||
| 005 | 20250521000000.0 | ||
| 009 | 20260310094552.879 | ||
| 037 | |a Acervo ITESO - Biblioteca | ||
| 041 | |a ESP | ||
| 082 | |a 378. 005 |b DES V. 46 | ||
| 240 | 1 | 1 | |a [Deslinde] |
| 245 | 1 | 0 | |a Deslinde : |b cuadernos de cultura política universitaria : efectos de la comunicación masiva en la sociedad / |c H. Gutierrez Vega ; ed. de G. Olivares. |
| 264 | |a México : |b UNAM, Departamento de Humanidades, |c 1973 | ||
| 300 | |a 24 p. | ||
| 336 | |a texto |b txt |2 rdacontenido | ||
| 337 | |a sin mediación |b n |2 rdamedio | ||
| 338 | |a volumen |b nc |2 rdasoporte | ||
| 520 | |a En esta colección se abordan problemas nacionales e internacionales que se encuentran en relación con la universidad; la finalidad es que con la presentación de los distintos temas, los universitarios puedan informarse y normar su criterio. Gutiérrez Vega hace una evaluación sociológica, tomando a los medios de comunicación masiva como un reflejo del contexto sociopolítico en el que están ubicados y que, generalmente, se ponen al servicio de la ideología dominante. | ||
| 545 | 0 | |a Hugo Gutiérrez Vega (1934), escritor y diplomático jalisciense, nacido en Guadalajara. Su trayectoria ha sido reconocida con diversas premiaciones y distinciones: Premio Nacional de Poesía Aguasacalientes (1976), Premio de Letras Jalisco (1994), Premio Nacional de Periodismo en Difusión Cultural (1999), Premio Iberoamericano de Poesía Ramón López Velarde (2001), Doctorado Honoris Causa por la Universidad Autónoma Metropolitana (2011) y miembro de número de la Academia Mexicana de la Lengua (2011). Su prosa expresa las circunstancias significativas de su vida cotidiana, describen los paisajes y lugares por él transitados. Entre sus obras de poesía ha publicado Buscando amor (1965), Desde Inglaterra (1971), Samarcanda y otros poemas (1972), Resistencia de particulares (1974), Cuando el placer termine (1975), Las peregrinaciones del deseo (1987), Antología con dudas (2007); en ensayo: Información y sociedad (1974), Luis Buñuel, obsesiones de un espectador (1983), El erotismo y la muerte (1987), Lecturas, navegaciones y naufragios (1999), entre otros. | |
| 649 | |a XX | ||
| 650 | |a Universidades - |x Publicaciones Periódicas Mexicanas | ||
| 650 | |a Medios de Comunicación | ||
| 650 | |a Recepción y Apropiación de la Comunicación | ||
| 650 | |a Comunicación Masiva | ||
| 650 | |a Sociología de la Comunicación | ||
| 700 | |a Gutiérrez Vega, Hugo |e (autor) | ||
| 700 | |a Olivares, Guadalupe |e (edición) | ||
| 910 | |a Fondo Salvador Reynoso Reynoso | ||
| 920 | |a Impresos - Libros | ||
| 930 | |a Fondos Especiales | ||
| 905 | |a 112 | ||
| 901 | |a 0800007243 |b IT2 |c ESP |u 20250521 | ||
| 902 | |a https://opac.biblio.iteso.mx/vufind/Record/000123881 | ||